Presidents of Portugal by Picture - Statistics

General Stats
  • This quiz has been taken 39 times
  • The average score is 13 of 20
Answer Stats
Picture Hint Answer % Correct
1951 António de Oliveira Salazar
97%
2016-Present Marcelo Rebelo de Sousa
97%
2006-2016 Aníbal Cavaco Silva
93%
1986-1996 Mário Soares
93%
1996-2006 Jorge Sampaio
87%
1974 António de Spínola
83%
1976-1986 António Ramalho Eanes
77%
1926-1951 Óscar Carmona
70%
1911-1915 Manuel de Arriaga
67%
1910-1911 | 1915 Teófilo Braga
67%
1917-1918 Sidónio Pais
63%
1958-1974 Américo Tomás
60%
1926 Manuel Gomes da Costa
60%
1974-1976 Francisco da Costa Gomes
57%
1915-1917 | 1925-1926 Bernardino Machado
53%
1923-1925 Manuel Teixeira Gomes
50%
1951-1958 Francisco Craveiro Lopes
47%
1918-1919 João do Canto e Castro
43%
1926 José Mendes Cabeçadas
43%
1919-1923 António José de Almeida
40%
No matching quizzes found
Score Distribution
Percent of People with Each Score
Percentile by Number Answered
Your Score History
You have not taken this quiz